<?xml version="1.0" encoding="UTF-8"?>
<resp>
  <nextPage>https://data.bn.org.pl/api/networks/bibs.marcxml?marc=001+b00001150000783&amp;sinceId=1150000784</nextPage>
  <collection>
    <record xmlns='http://www.loc.gov/MARC21/slim'><leader>01472nam a2200421 i 4500</leader><controlfield tag='001'>b00001150000783</controlfield><controlfield tag='005'>20251217085027.5</controlfield><controlfield tag='008'>230609s        pl           |000 0 pol c</controlfield><controlfield tag='009'>9913261765905606</controlfield><datafield ind1=' ' ind2=' ' tag='020'><subfield code='a'>8304019388</subfield></datafield><datafield ind1=' ' ind2=' ' tag='035'><subfield code='a'>KR_1KR_1_20120317225829098299-48omnis_kr</subfield></datafield><datafield ind1=' ' ind2=' ' tag='035'><subfield code='a'>KR_1_20120317225829098299</subfield><subfield code='9'>ExL</subfield></datafield><datafield ind1=' ' ind2=' ' tag='035'><subfield code='a'>(PL)b00001150000783</subfield></datafield><datafield ind1=' ' ind2=' ' tag='040'><subfield code='a'>KR_1</subfield><subfield code='c'>KR_1</subfield></datafield><datafield ind1='0' ind2=' ' tag='041'><subfield code='a'>pol</subfield></datafield><datafield ind1='1' ind2=' ' tag='100'><subfield code='a'>Słowacki, Juliusz</subfield><subfield code='d'>(1809-1849)</subfield></datafield><datafield ind1='1' ind2='0' tag='245'><subfield code='a'>Fantazy /</subfield><subfield code='c'>Juliusz Słowacki ; oprac. Mieczysław Inglot.</subfield></datafield><datafield ind1=' ' ind2=' ' tag='250'><subfield code='a'>Wyd. 5.</subfield></datafield><datafield ind1=' ' ind2=' ' tag='260'><subfield code='a'>Wrocław ;</subfield><subfield code='a'>Gdańsk :</subfield><subfield code='b'>Zakład Narodowy im. Ossolińskich,</subfield><subfield code='c'>1985.</subfield></datafield><datafield ind1=' ' ind2=' ' tag='300'><subfield code='a'>160 s. ;</subfield><subfield code='c'>20 cm.</subfield></datafield><datafield ind1='1' ind2=' ' tag='490'><subfield code='a'>Nasza Biblioteka</subfield></datafield><datafield ind1=' ' ind2=' ' tag='500'><subfield code='a'>p</subfield></datafield><datafield ind1=' ' ind2=' ' tag='504'><subfield code='a'>Bibliogr. s. 23.</subfield></datafield><datafield ind1='1' ind2='9' tag='600'><subfield code='a'>Słowacki, Juliusz (1809-1849)</subfield><subfield code='t'>&quot;Fantazy&quot;</subfield></datafield><datafield ind1=' ' ind2='9' tag='650'><subfield code='a'>Dramat polski</subfield><subfield code='y'>19 w.</subfield></datafield><datafield ind1='1' ind2=' ' tag='700'><subfield code='a'>Inglot, Mieczysław.</subfield><subfield code='e'>Opracowanie</subfield></datafield><datafield ind1=' ' ind2=' ' tag='852'><subfield code='b'>48OMNIS_NETWORK</subfield><subfield code='8'>9913261765905606</subfield></datafield><datafield ind1=' ' ind2=' ' tag='852'><subfield code='b'>48OMNIS_KR</subfield><subfield code='8'>991000007839708216</subfield></datafield><datafield ind1=' ' ind2=' ' tag='852'><subfield code='b'>48OMNIS_TL</subfield><subfield code='8'>991000059759608218</subfield></datafield><datafield ind1=' ' ind2=' ' tag='852'><subfield code='8'>2212239260008216</subfield><subfield code='j'>1</subfield><subfield code='b'>KR_7_1</subfield><subfield code='p'>KR_7_0004325</subfield><subfield code='c'>KR_7_1_1</subfield></datafield><datafield ind1=' ' ind2=' ' tag='852'><subfield code='8'>226104230008218</subfield><subfield code='j'>1</subfield><subfield code='b'>TL_4_1</subfield><subfield code='p'>000853WD</subfield><subfield code='c'>TL_4_1_1</subfield></datafield><datafield ind1=' ' ind2=' ' tag='852'><subfield code='8'>226104230008218</subfield><subfield code='j'>1</subfield><subfield code='b'>TL_4_1</subfield><subfield code='p'>000848WD</subfield><subfield code='c'>TL_4_1_1</subfield></datafield><datafield ind1=' ' ind2=' ' tag='852'><subfield code='8'>226104230008218</subfield><subfield code='j'>1</subfield><subfield code='b'>TL_4_1</subfield><subfield code='p'>000850WD</subfield><subfield code='c'>TL_4_1_1</subfield></datafield><datafield ind1=' ' ind2=' ' tag='852'><subfield code='8'>226104190008218</subfield><subfield code='j'>1</subfield><subfield code='b'>TL_4_1</subfield><subfield code='p'>000849WD</subfield><subfield code='c'>TL_4_1_4</subfield></datafield><datafield ind1=' ' ind2=' ' tag='920'><subfield code='a'>83-04-01938-8</subfield></datafield></record>
  </collection>
</resp>
